| 000 | 02375nam a2200193 i 4500 | ||
|---|---|---|---|
| 001 | 768714001 | ||
| 003 | CO-MdFUSB | ||
| 005 | 20220725145609.0 | ||
| 008 | 220725t1984 ck |||| |||| 00| 0 spa d | ||
| 040 |
_bspa _cCO-MdFUSB _dCO-MdFUSB |
||
| 041 | _aspa | ||
| 100 |
_aBulgakov, Mijail A. _eautor |
||
| 245 | 4 |
_aLos huevos fatales _c/ Mijail A. Bulgakov |
|
| 300 |
_a Volumen 9, (1984) páginas 313 -378 _c22 cm |
||
| 520 | _a"Los huevos fatales", la novela fantástica de Mijaíl Bulgákov, se publicó por primera vez en el año 1925. Sin embargo los acontecimiento se desarrollan en el futuro, en el año 1928. A pesar de que el autor la presenta como futurista y fantástica, saltan a la vista que es realista, llena de alegorías, amargo y despiadado humor. La trama del libro nos hace recordar la novela de H. G. Wells, El alimento de los dioses (1904) donde dos científicos inventan los polvos que provocan el crecimiento considerable de los animales y las plantas. En "Los huevos fatales" el protagonista, el profesor Pérsikov, inventa el modo de la reproducción rápida de los embriones por medio del rayo rojo. Los recientes acontecimientos en el joven Estado Soviético obligan al profesor traspasar a sus inventos a favor de una necesidad de gran importancia a nivel nacional -levantar la avicultura del país después de devastadora plaga. A causa de una terrible equivocación se desata la tragedia. Las inmensas tropas de los monstruos se dirigen a Moscú. El conflicto entre dos prototipos de la época, la imbecilidad, la oscuridad, la ignorancia encarnados en la imagen de Aleksandr Semionovich Fatal y la genialidad del científico Pérsikov, llevó al trágico final. Bulgákov se acerca a uno de los problemas más actuales y intenta aclarar por qué por la estupidez y ignorancias de unos tienen que pagar o tener responsabilidad personas inocentes, más aun, que advertían del peligro, incitaban a razonar a los tipos engreídos, los que toman las riendas en los asuntos fuera de su competencia. El choque de la ignorancia con la inteligencia terminó a favor de la ordinariez, incapaz crear, descubrir. Y cuando se van los genios, la vida se vuelve gris, mediocre, vulgar. | ||
| 653 | _aLiteratura Rusa | ||
| 773 | 0 |
_067924 _981148 _aOveja Negra, _o24698 _tMaestros de la literatura universal _w(CO-MdFUSB)768714001 _z8482806718 |
|
| 942 | _cBK | ||
| 999 |
_c67991 _d67991 |
||